| 000 | 01041cam a2200289 a 4500 | ||
|---|---|---|---|
| 001 | 23784 | ||
| 003 | BD-RjUL | ||
| 005 | 20211209000954.0 | ||
| 008 | 140311s1980 ru a 000 0beng | ||
| 035 | _a(BD-RjUL)23849 | ||
| 040 |
_aDLC _cDLC _dDLC _dBD-RjUL _beng |
||
| 041 | 1 | _aengrus | |
| 082 | 0 | 0 |
_a940.541247 _219 _bSHG |
| 100 | 1 |
_aSharipov, A. A. _q(Akram Agzamovich) _973236 |
|
| 245 | 1 | 0 |
_aGeneral Chernyakhovsky / _cA. Sharipov ; [translated from the Russian by Yuri Shirokov]. |
| 260 |
_aMoscow : _bProgress Publishers, _c1980. |
||
| 300 |
_a507 p. : _bill ; _c21 cm. |
||
| 500 | _aTranslation of: Cherni︠a︡khovskiĭ. | ||
| 600 | 1 | 0 |
_aCherni︠a︡khovskiĭ, Ivan Danilovich, _d1906-1945. _973243 |
| 610 | 1 | 0 |
_aSoviet Union. _bRaboche-Krestʹi︠a︡nskai︠a︡ Krasnai︠a︡ Armii︠a︡ _973244 |
| 650 | 0 |
_aGenerals _zSoviet Union _xBiography. _973239 |
|
| 650 | 0 |
_aWorld War, 1939-1945 _zSoviet Union. _973240 |
|
| 942 |
_2ddc _cBK |
||
| 999 |
_c23784 _d23784 |
||